Statistiche per Riconosci la Squadra di calcio - Quiz n°189

Clicka qui per fare il quiz!

Statistiche generali

  • Questo quiz è stato fatto 6 volte
  • Il punteggio medio è 8 su 10

Statistiche sulle risposte

IndizioRisposta% Corretto
Titoli nazionali0
100%
Colori socialiBianco, rosso
100%
ConfederazioneUEFA
100%
Trofei nazionali2 Coppe Italia Serie C/Lega Pro
1 Supercoppa di Serie C
83%
Divisione nazionale 2023-2024Terza
83%
Trofei internazionali0
67%
Fondazione1910
67%
Rifondazione2014
67%
Capienza Stadio32 420 posti
67%
SquadraPadova
50%

Distribuzione punteggi

Percentile per numero di risposta

Percentuale di utenti per punteggio

I tuoi punteggi nel tempo

Non hai fatto questo quiz